Návrh opatrení na zlepšenie identifikácie a vyhodnocovania príčin nepodarkov v spoločnosti OSMOS Plastics s. r. o.

Saved in:
Bibliographic Details
Main Author: Petluš, Jozef (Author)
Other Authors: Horňáková, Natália (Thesis advisor)
Format: Manuscript Book
Language:Slovak
Published: 2021
Subjects:
Online Access:http://is.stuba.sk/zp/portal_zp.pl?podrobnosti=153325
Tags: Add Tag
No Tags, Be the first to tag this record!

MARC

LEADER 00000ntm a22000003a 4500
001 stuzp83521
003 SK-STU
005 20210703212041.2
007 ta
008 150427s2015----xo-----f-mn---000-0-slo-d
040 |a STU  |b slo 
041 0 |a slo 
100 1 |a Petluš, Jozef  |u 064000  |4 aut  |U MTF Materiálovotechnologická fakulta  |T MTF Ústav priemyselného inžinierstva a manažmentu  |X 99621  |U M4000  |Y 84  |7 99621 
242 0 1 |a Proposal for measures to improve the identification and evaluation of the scrap causes in a company OSMOS Plastics s. r. o.  |y eng 
245 1 0 |a Návrh opatrení na zlepšenie identifikácie a vyhodnocovania príčin nepodarkov v spoločnosti OSMOS Plastics s. r. o. 
260 |c 2021 
650 4 |a kvalita  |2 slo 
650 4 |a identifikácia nepodarkov  |2 slo 
650 4 |a vyhodnotenie nepodarkov  |2 slo 
650 4 |a quality  |2 eng 
650 4 |a identification of failures  |2 eng 
650 4 |a evaluation of failures  |2 eng 
700 1 |a Horňáková, Natália  |u 064000  |k Z1  |4 ths  |U MTF Materiálovotechnologická fakulta  |T MTF Ústav priemyselného inžinierstva a manažmentu  |X 38384  |U M4000  |Y 84  |7 A000038384 
856 4 |u http://is.stuba.sk/zp/portal_zp.pl?podrobnosti=153325 
996 |c M* BP-9171  |l MMSKP  |s P  |a 0  |w stuzp83521_0001